Latine Verba - Statistics

General Stats
  • This quiz has been taken 33 times
  • The average score is 22 of 24
Answer Stats
Latine Anglicus % Correct
Amicus Friend
100%
Deus God
100%
Luna Moon
100%
Contra Against
97%
Corpus Body
97%
Leo Lion
97%
Mater Mother
97%
Stella Star
97%
Sol Sun
97%
Mille Thousand
97%
Annus Year
97%
Post After
94%
Rex King
94%
Lumen Light
94%
Lupus Wolf
94%
Ursus Bear
90%
Sanguis Blood
90%
Nihil Nothing
90%
Pax Peace
90%
Bellum War
90%
Avis Bird
81%
Ovum Egg
81%
Caput Head
77%
Emptor Buyer
42%
No matching quizzes found
Score Distribution
Percent of People with Each Score
Percentile by Number Answered
Your Score History
You have not taken this quiz